Murder Drones: BITE ME - lyrics - Statistics

General Stats
  • This quiz has been taken 54 times
    50 since last reset
  • The average score is 134 of 192
Answer Stats
Lyrics % Correct
I
100%
(I
100%
me,
100%
me
100%
me) ×3
100%
a
91%
the
91%
YOU)
91%
you
91%
You
91%
you)
91%
no
86%
We
86%
we
86%
(We
86%
won't
86%
WON'T
86%
(Bite
82%
Bite
82%
(LET
82%
let
82%
LET
82%
Let
82%
(Let
82%
need
82%
SWALLOW
82%
(SWALLOW
82%
swallow
82%
down,
77%
heart
77%
heart,
77%
my
77%
THEM
77%
them
77%
them,
77%
done,
73%
fall
73%
I'm
73%
(I'M
73%
not
73%
NOT
73%
As
68%
it
68%
make
68%
Make
68%
new
68%
she
68%
follow
64%
lonely
64%
take
64%
(Take
64%
to
64%
believe
59%
burn
59%
crowds,
59%
don't
59%
escape
59%
friend
59%
her
59%
longer
59%
mold
59%
move
59%
are
55%
at
55%
look
55%
looking
55%
mind?
55%
mind
55%
mind)
55%
mine
55%
soul,
55%
stands,
55%
way
55%
dawn,
50%
for
50%
GO)
45%
go,
45%
we'll
45%
Well,
45%
Eat
41%
waits
41%
apart
36%
settle
36%
tear
36%
should
32%
inside
27%
on
27%
gone,
23%
know
23%
know)
23%
SAVING)
23%
WORTH
23%
you'll
23%
farthest
18%
find
18%
repent
14%
save
14%
What's
14%
carry
9%
too
9%
No matching quizzes found
Score Distribution
Percent of People with Each Score
Percentile by Number Answered
Your Score History
You have not taken this quiz since the last reset